Представление документа в формате RUSMARC

ПолеНазваниеЗначение
  Тип записи a
  Библиографический уровень m
001 Контрольный номер UONB/MAIN/766c8ba3af974c3c85420d34996ccb78
005 Дата корректировки 20251121115248.8
010 Индекс ISBN __
d Цена 8 к.
9 Тираж 1100 экз.
100 Данные общей обработки __
a Данные общей обработки 20251108d1966 u y0rusy0189 ca
101 Язык документа 0_
a Язык текста rus
102 Страна публикации __
a Страна публикации RU
105 Кодированные данные (монография) __
a Кодированные данные (монография) a z 000yy
200 Заглавие и сведения об ответственности 1_
a Заглавие Система конструктивно-технологической классификации деталей машин при групповой обработке
f Первые сведения об ответственности Г. С. Черный
g Последующие сведения об ответственности Государственный плановый комитет Совета Министров УССР, Украинский научно-исследовательский институт научно-технической информации и технико-эконономических исследований, Научно-исследовательский и проектно-технологический институт машиностроения «НИИПТМаш»
203 Вид содержания и тип средства __
a Вид содержания Текст
b Характеристика содержания визуальный
c Тип средства непосредственный
210 Выходные данные 1_
a Место издания Киев
c Издательство [б. и.]
d Дата издания 1966
215 Физическое описание __
a Объем 29 с.
d Формат 22 см
c Иллюстрации/тип воспроизводства ил., черт., 2л. табл.
225 Серия 1_
a Серия Машиностроение
606 Тематические рубрики 0_
a Основная рубрика Детали машин
x Основная подрубрика Обработка групповая
x Основная подрубрика Технологическая документация
610 Ключевые слова 0_
a Ключевые слова технологическая документация; детали машин
675 Индекс УДК __
a Индекс УДК 6П5.4-031
686 Индексы других классификаций __
a Классификационный индекс 34
2 Код системы rubbk
700 Автор _1
a Фамилия Черный
b Имя (инициалы) Г. С.
712 Наименование организации (Вторичная ответственность) 02
a Организация/ юрисдикция Государственный плановый комитет Совета Министров УССР
b Другие уровни Украинский научно-исследовательский институт научно-технической информации и технико-эконономических исследований
b Другие уровни Научно-исследовательский и проектно-технологический институт машиностроения «НИИПТМаш»
4 Код отношения 570
801 Источник записи _0
a Страна RU
b Организация Ульяновская ОНБ
c Дата составления 20251108
g Правила каталогизации RCR
801 Источник записи _1
a Страна RU
b Организация Ульяновская ОНБ
c Дата составления 20251108
g Правила каталогизации RCR
901 Тип документа __
t Тип документа m
909 Создатель записи __
a Создатель записи Полина
b Дата создания записи 20251108